[Event "Olimpiade 2024 - Donne"]
[Site "Budapest"]
[Date "20.09.2024"]
[Round "9.5"]
[Board "1"]
[White "Daulyte-Cornette, Deimante"]
[Black "Dzagnidze, Nana"]
[Result "0-1"]
[WhiteTitle "IM"]
[BlackTitle "GM"]
[WhiteElo "2369"]
[BlackElo "2508"]
[WhiteTeam "France"]
[BlackTeam "Georgia"]
[WhiteFideId "12802859"]
[BlackFideId "13601903"]
[EventDate "2024.09.11"]

1. e4 e6 2. d4 d5 3. Nd2 c5 4. Ngf3 cxd4 5. exd5 Qxd5 6. Bc4 Qd6 7. O-O Nf6 8.
Nb3 Nc6 9. Nbxd4 Nxd4 10. Nxd4 Be7 11. b3 O-O 12. Bb2 Bd7 13. Qf3 Qc7 14. Rfe1
Bd6 15. Nb5 Bxb5 16. Bxb5 Bxh2+ 17. Kh1 Bf4 18. Bd3 Rfd8 19. g3 Bg5 20. Re5 h6
21. Rae1 Ne8 22. Rxg5 hxg5 23. Re5 Qe7 24. Rb5 Rd7 25. Qh5 Rxd3 26. cxd3 f6 27.
Qf3 Rb8 28. d4 Qd7 29. Rc5 Nc7 30. Kg2 Nd5 31. Rc1 Rc8 32. Rxc8+ Qxc8 33. Qh5
Ne7 34. Kg1 Qc6 35. Qe2 Nf5 36. Qh5 a6 37. Qg6 Ne7 38. Qh5 Qd7 39. Qf3 Kf7 40.
Qh5+ Ng6 41. Qe2 Qc6 42. Ba3 f5 43. Bc5 g4 44. Qd2 Qf3 45. Qa5 f4 46. Qc7+ Kf6
47. Bd6 Qd1+ 48. Kh2 Qxd4 49. Bc5 fxg3+ 50. fxg3 Qd2+ 51. Kg1 Qd1+ 52. Kf2 Qd2+
53. Kf1 Ne5 54. Qe7+ Kf5 55. Bf2 Qd1+ 56. Kg2 Qd5+ 57. Kf1 Ke4 58. Qxg7 Kd3 59.
Qh8 Kc2 60. Qh6 Nd3 61. Qf6 Qh1+ 62. Bg1 Qh3+ 0-1

[Event "Olimpiade 2024 - Donne"]
[Site "Budapest"]
[Date "20.09.2024"]
[Round "9.5"]
[Board "2"]
[White "Javakhishvili, Lela"]
[Black "Milliet, Sophie"]
[Result "1/2-1/2"]
[WhiteTitle "IM"]
[BlackTitle "IM"]
[WhiteElo "2446"]
[BlackElo "2348"]
[WhiteTeam "Georgia"]
[BlackTeam "France"]
[WhiteFideId "13601458"]
[BlackFideId "623725"]
[EventDate "2024.09.11"]

1. d4 Nf6 2. Nf3 d5 3. e3 a6 4. Nbd2 Bf5 5. c4 c6 6. Qb3 Qc7 7. Nh4 Bg6 8. Nxg6
hxg6 9. g3 Nbd7 10. cxd5 cxd5 11. Bg2 e6 12. O-O Be7 13. e4 Nb6 14. a4 a5 15. h4
O-O 16. e5 Nfd7 17. Qd1 Rfc8 18. h5 gxh5 19. Qxh5 Qc2 20. Bf3 Nf8 21. Bd1 Qg6
22. Qe2 Nh7 23. Kg2 Rc6 24. Rh1 Ng5 25. Bb3 Rac8 26. Nf3 Qe4 27. Qxe4 Nxe4 28.
Bf4 Nc4 29. Rh5 g6 30. Rh2 g5 31. Rah1 gxf4 32. Rh8+ Kg7 33. R8h7+ Kf8 34. Rh8+
Kg7 35. R8h7+ Kf8 36. Rh8+ Kg7 1/2-1/2

[Event "Olimpiade 2024 - Donne"]
[Site "Budapest"]
[Date "20.09.2024"]
[Round "9.5"]
[Board "3"]
[White "Hejazipour, Mitra"]
[Black "Batsiashvili, Nino"]
[Result "0-1"]
[WhiteTitle "WGM"]
[BlackTitle "GM"]
[WhiteElo "2327"]
[BlackElo "2461"]
[WhiteTeam "France"]
[BlackTeam "Georgia"]
[WhiteFideId "12505951"]
[BlackFideId "13602993"]
[EventDate "2024.09.11"]

1. c4 Nf6 2. Nf3 e6 3. g3 b6 4. Bg2 Bb7 5. d4 Be7 6. Nc3 Ne4 7. Qc2 Nxc3 8. Qxc3
d6 9. O-O Nd7 10. Rd1 a5 11. Bf4 O-O 12. Qc2 Nf6 13. Ne1 Bxg2 14. Nxg2 c6 15. e4
Nd7 16. Rac1 Rc8 17. Qb3 Re8 18. h4 Bf8 19. Qd3 e5 20. dxe5 Nxe5 21. Qc3 Qf6 22.
Ne1 Qg6 23. Qc2 Qe6 24. f3 Ng6 25. Ng2 d5 26. cxd5 cxd5 27. exd5 Rxc2 28. dxe6
Bc5+ 29. Kh1 Rxb2 30. exf7+ Kxf7 31. Rd2 Re2 32. Rxe2 Rxe2 33. a4 h5 34. Bc7 Rf2
35. Rb1 Rxf3 36. Bxb6 Bxb6 37. Rxb6 Rxg3 38. Rb5 Nxh4 39. Nf4 Nf3 40. Ne2 Rg5
41. Rb3 Nd2 42. Rd3 Ne4 43. Rd4 Nf6 44. Kh2 Rg4 45. Rxg4 Nxg4+ 46. Kg3 g5 47.
Kf3 Kg6 48. Nd4 Ne5+ 49. Ke4 Nc4 50. Kf3 Kf6 51. Nc6 Ne5+ 0-1

[Event "Olimpiade 2024 - Donne"]
[Site "Budapest"]
[Date "20.09.2024"]
[Round "9.5"]
[Board "4"]
[White "Khotenashvili, Bella"]
[Black "Benmesbah, Natacha"]
[Result "1-0"]
[WhiteTitle "GM"]
[BlackTitle "WIM"]
[WhiteElo "2432"]
[BlackElo "2258"]
[WhiteTeam "Georgia"]
[BlackTeam "France"]
[WhiteFideId "13602640"]
[BlackFideId "642002"]
[EventDate "2024.09.11"]

1. d4 Nf6 2. c4 g6 3. Nc3 Bg7 4. e4 d6 5. h3 e5 6. d5 a5 7. Bg5 Na6 8. Bd3 Nc5
9. Bc2 Bd7 10. Nge2 h6 11. Be3 O-O 12. g4 c6 13. Ng3 Qc7 14. Qd2 Kh7 15. f3 Na6
16. h4 Ne8 17. Rc1 Nc5 18. Rd1 Bc8 19. a3 a4 20. h5 g5 21. Bxc5 dxc5 22. d6 Qd7
23. Nxa4 Rxa4 24. Bxa4 Nf6 25. b4 b5 26. Bb3 Qa7 27. Qc3 Qxa3 28. Ra1 cxb4 29.
Rxa3 bxc3 30. c5 Nd7 31. Bc2 Nxc5 32. Rxc3 Ne6 33. Rxc6 Nd4 34. Rc7 Nxf3+ 35.
Kf2 Bxg4 36. Nf5 Bf6 37. Ne3 Bd8 38. Nxg4 Bxc7 39. dxc7 Nd4 40. Bd3 Kg7 41. Rc1
Rc8 42. Ne3 1-0

[Event "Olimpiade 2024 - Donne"]
[Site "Budapest"]
[Date "20.09.2024"]
[Round "9.6"]
[Board "1"]
[White "Zhu, Jiner"]
[Black "Atalik, Ekaterina"]
[Result "1-0"]
[WhiteTitle "GM"]
[BlackTitle "IM"]
[WhiteElo "2487"]
[BlackElo "2381"]
[WhiteTeam "China"]
[BlackTeam "Turkiye"]
[WhiteFideId "8608059"]
[BlackFideId "4130189"]
[EventDate "2024.09.11"]

1. e4 c6 2. d4 d5 3. Nc3 dxe4 4. Nxe4 Nf6 5. Nxf6+ exf6 6. Be3 Bd6 7. Bd3 O-O 8.
Ne2 Re8 9. c4 Nd7 10. Qc2 Nf8 11. O-O Bg4 12. Nc3 Bh5 13. Rfe1 Qc7 14. g3 Bb4
15. a3 Bxc3 16. Qxc3 Rad8 17. Bf1 Ne6 18. Bg2 Ng5 19. Bf4 Qd7 20. Bxg5 fxg5 21.
b4 f6 22. d5 cxd5 23. Bxd5+ Bf7 24. Bg2 h5 25. c5 Rxe1+ 26. Rxe1 h4 27. gxh4
gxh4 28. h3 Kf8 29. Qe3 Re8 30. Qc1 Rxe1+ 31. Qxe1 Qd3 32. Bxb7 Qxh3 33. Qd1 Be6
34. Be4 Kf7 35. b5 Qc3 36. b6 Qxc5 37. b7 Qg5+ 38. Kh1 Qe5 39. Qb1 Bd5 40. f3
Bxe4 41. Qxe4 Qb5 42. Kg1 Qg5+ 43. Kf1 Qb5+ 44. Kf2 Qb2+ 45. Ke1 Qc1+ 46. Ke2
Qb2+ 47. Kd1 Qb3+ 48. Kd2 h3 49. Qb4 Qd5+ 50. Ke2 h2 51. b8=Q h1=Q 52. Q8f8+ Kg6
53. Qg4+ Qg5 54. Qe4+ Qf5 55. Qfe8+ Kg5 56. Qxf5+ Kxf5 57. Qe4+ Kg5 58. f4+ 1-0

[Event "Olimpiade 2024 - Donne"]
[Site "Budapest"]
[Date "20.09.2024"]
[Round "9.6"]
[Board "2"]
[White "Ozturk Orenli, Kubra"]
[Black "Song, Yuxin"]
[Result "1/2-1/2"]
[WhiteTitle "WGM"]
[BlackTitle "IM"]
[WhiteElo "2262"]
[BlackElo "2373"]
[WhiteTeam "Turkiye"]
[BlackTeam "China"]
[WhiteFideId "6302599"]
[BlackFideId "8614300"]
[EventDate "2024.09.11"]

1. d4 Nf6 2. Bf4 e6 3. e3 b6 4. Nf3 Bb7 5. Bd3 Be7 6. h3 O-O 7. Nbd2 c5 8. O-O
cxd4 9. exd4 d6 10. Qe2 Nbd7 11. Ne4 Nxe4 12. Bxe4 Bxe4 13. Qxe4 Nf6 14. Qe2 h6
15. a4 a6 16. c3 Qd7 17. c4 a5 18. b3 Rac8 19. Rfe1 Rfe8 20. Rad1 Qb7 21. Rd3
Bf8 22. Nd2 Kh8 23. Rf3 Qe7 24. Bg3 Rcd8 25. Qe3 Rd7 26. Nb1 Rc8 27. Nd2 Re8 28.
Nb1 Rc8 29. Nd2 Re8 30. Nb1 Rc8 1/2-1/2

[Event "Olimpiade 2024 - Donne"]
[Site "Budapest"]
[Date "20.09.2024"]
[Round "9.6"]
[Board "3"]
[White "Guo, Qi"]
[Black "Aydin, Gulenay"]
[Result "1/2-1/2"]
[WhiteTitle "IM"]
[BlackTitle "WIM"]
[WhiteElo "2367"]
[BlackElo "2202"]
[WhiteTeam "China"]
[BlackTeam "Turkiye"]
[WhiteFideId "8604002"]
[BlackFideId "34557431"]
[EventDate "2024.09.11"]

1. d4 d5 2. c4 e6 3. Nc3 c6 4. e4 dxe4 5. Nxe4 Bb4+ 6. Bd2 Qxd4 7. Bxb4 Qxe4+ 8.
Be2 Na6 9. Ba5 b6 10. Qd6 Bd7 11. Bc3 Ne7 12. Rd1 Rd8 13. Qa3 Nb8 14. Bxg7 Rg8
15. Bf6 c5 16. Qf3 Qxf3 17. Bxf3 Rg6 18. Bc3 Bc6 19. Rxd8+ Kxd8 20. g3 Nf5 21.
Bxc6 Nxc6 22. f4 Nd6 23. b3 Ne4 24. Bb2 Rh6 25. Ne2 f5 26. O-O Rg6 27. Nc3 Nxc3
28. Bxc3 Ke7 29. Kf2 Rg8 30. h3 h5 31. Rg1 a6 32. Rc1 Rd8 33. Ke3 Rg8 34. Be1
Nd4 35. b4 h4 36. bxc5 bxc5 37. g4 fxg4 38. Bxh4+ Kd7 39. hxg4 Rxg4 40. Bf2 Rxf4
41. Kxf4 Ne2+ 42. Ke4 Nxc1 43. Bxc5 Kc6 44. Be3 Nxa2 45. Ke5 Nb4 46. Kxe6 Nc2
47. Bd2 Kc5 48. Ke5 Kxc4 49. Ba5 Nb4 50. Ke4 Nc6 51. Bc7 Ne7 52. Bd8 Nc6 1/2-1/2

[Event "Olimpiade 2024 - Donne"]
[Site "Budapest"]
[Date "20.09.2024"]
[Round "9.6"]
[Board "4"]
[White "Isgenderova, Hayale"]
[Black "Ni, Shiqun"]
[Result "0-1"]
[WhiteTitle "WIM"]
[BlackTitle "WGM"]
[WhiteElo "2124"]
[BlackElo "2348"]
[WhiteTeam "Turkiye"]
[BlackTeam "China"]
[WhiteFideId "13401823"]
[BlackFideId "8608466"]
[EventDate "2024.09.11"]

1. e4 e5 2. Nf3 Nf6 3. d4 Nxe4 4. Bd3 d5 5. Nxe5 Nd7 6. O-O Nxe5 7. dxe5 Nc5 8.
f4 g6 9. Be3 Nxd3 10. Qxd3 c6 11. Nd2 Bf5 12. Qb3 Qd7 13. Nf3 Be7 14. Nd4 Be4
15. Rad1 h5 16. Qc3 Rg8 17. b4 Rc8 18. Ne2 h4 19. h3 b6 20. Qd2 Qb7 21. Rb1 Kf8
22. Nc3 Bf5 23. b5 Kg7 24. bxc6 Rxc6 25. Bd4 Rd8 26. Rb2 Qc8 27. Nb5 Rxc2 28.
Rxc2 Qxc2 29. Qxc2 Bxc2 30. Nxa7 Bc5 31. Bxc5 bxc5 32. Rc1 Ba4 33. Rxc5 d4 34.
e6 d3 35. e7 Re8 36. Rd5 Rxe7 37. Nc8 Re1+ 38. Kf2 Re2+ 39. Kf1 Rb2 40. Ke1 Re2+
41. Kf1 Rxa2 42. Ke1 Re2+ 43. Kf1 Rc2 44. Nb6 Bc6 45. Rd4 Bxg2+ 46. Ke1 Bxh3 47.
Nd5 Bg2 48. f5 Bxd5 0-1

[Event "Olimpiade 2024 - Donne"]
[Site "Budapest"]
[Date "20.09.2024"]
[Round "9.7"]
[Board "1"]
[White "Wagner, Dinara"]
[Black "Yao, Lan"]
[Result "1/2-1/2"]
[WhiteTitle "IM"]
[BlackTitle "WGM"]
[WhiteElo "2452"]
[BlackElo "2353"]
[WhiteTeam "Germany"]
[BlackTeam "England"]
[WhiteFideId "24157570"]
[BlackFideId "8610835"]
[EventDate "2024.09.11"]

1. d4 Nf6 2. c4 e6 3. Nc3 Bb4 4. e3 O-O 5. Bd3 d5 6. a3 Bxc3+ 7. bxc3 dxc4 8.
Bxc4 c5 9. Nf3 Nc6 10. O-O Qc7 11. Be2 Rd8 12. Qc2 e5 13. Bb2 Bg4 14. h3 Bh5 15.
Nxe5 Bxe2 16. Qxe2 Nxe5 17. dxe5 Qxe5 18. c4 Qe6 19. Rfd1 Ne4 20. Rac1 h6 21. f3
Rxd1+ 22. Rxd1 Nd6 23. Rd5 b5 24. Rxc5 bxc4 25. Qd2 Rc8 26. Qd4 f6 27. Kf2 Rxc5
28. Qxc5 Qe4 29. Qxd6 Qc2+ 30. Kg3 Qxb2 31. Qd5+ Kh7 32. Qe4+ Kh8 33. Qe8+ Kh7
34. Qe4+ Kh8 35. Qe8+ Kh7 1/2-1/2

[Event "Olimpiade 2024 - Donne"]
[Site "Budapest"]
[Date "20.09.2024"]
[Round "9.7"]
[Board "2"]
[White "Houska, Jovanka"]
[Black "Paehtz, Elisabeth"]
[Result "1/2-1/2"]
[WhiteTitle "IM"]
[BlackTitle "GM"]
[WhiteElo "2333"]
[BlackElo "2455"]
[WhiteTeam "England"]
[BlackTeam "Germany"]
[WhiteFideId "405094"]
[BlackFideId "4641833"]
[EventDate "2024.09.11"]

1. d4 Nf6 2. Bg5 e6 3. e4 c5 4. d5 d6 5. Nc3 Be7 6. Bb5+ Kf8 7. dxe6 Bxe6 8. Nf3
a6 9. Be2 Nc6 10. a4 h6 11. Be3 Kg8 12. O-O Kh7 13. Bd3 Ne5 14. Nxe5 dxe5 15.
Nd5 Bxd5 16. exd5+ e4 17. Bc4 Bd6 18. f3 Qc7 19. g3 Bxg3 20. hxg3 Qxg3+ 21. Kh1
Qh3+ 22. Kg1 Qg3+ 23. Kh1 Qh3+ 24. Kg1 Qg3+ 1/2-1/2

[Event "Olimpiade 2024 - Donne"]
[Site "Budapest"]
[Date "20.09.2024"]
[Round "9.7"]
[Board "3"]
[White "Heinemann, Josefine"]
[Black "Hunt, Harriet V"]
[Result "1-0"]
[WhiteTitle "WGM"]
[BlackTitle "IM"]
[WhiteElo "2316"]
[BlackElo "2304"]
[WhiteTeam "Germany"]
[BlackTeam "England"]
[WhiteFideId "12900460"]
[BlackFideId "403512"]
[EventDate "2024.09.11"]

1. d4 Nf6 2. c4 e6 3. g3 Bb4+ 4. Bd2 a5 5. Bg2 d5 6. Nf3 O-O 7. O-O Bxd2 8.
Nbxd2 Nbd7 9. Qc2 c6 10. e4 dxe4 11. Nxe4 Nxe4 12. Qxe4 Qb6 13. Qe2 Nf6 14. Rfd1
Rd8 15. Rd3 Qb4 16. Ne5 Nd7 17. Rad1 Qe7 18. h4 f6 19. Nf3 Nb6 20. R3d2 Qb4 21.
c5 Nd5 22. a3 Qb3 23. Rd3 Qb5 24. Qc2 a4 25. Bf1 Qa5 26. R3d2 Qc7 27. Bd3 g6 28.
Re1 Qf7 29. Rde2 Bd7 30. Nd2 Rdb8 31. Ne4 Qg7 32. Nc3 f5 33. Re5 Rf8 34. Nxa4 g5
35. hxg5 Qxg5 36. Nb6 Nxb6 37. cxb6 Rf6 38. Bc4 Kf7 39. Kg2 Qg4 40. Qd3 Rd8 41.
Rh1 Kg7 42. Rh4 Qg6 43. Qe3 Qe8 44. Qf4 Qf8 45. Re1 h6 46. Reh1 Kh7 47. Qc7 Qe7
48. Qxb7 c5 49. d5 e5 50. Qc7 f4 51. Re1 fxg3 52. Bd3+ Kg7 53. fxg3 Rd6 54. Qxc5
Rb8 55. Rh5 Rbxb6 56. b4 Qf6 57. Rhxe5 Rb8 58. Qe3 Kg8 59. Rf1 Qg7 60. Re7 Qb2+
61. Rf2 Qa1 62. Qf4 1-0

[Event "Olimpiade 2024 - Donne"]
[Site "Budapest"]
[Date "20.09.2024"]
[Round "9.7"]
[Board "4"]
[White "Toma, Katarzyna"]
[Black "Klek, Hanna Marie"]
[Result "0-1"]
[WhiteTitle "WGM"]
[BlackTitle "WGM"]
[WhiteElo "2184"]
[BlackElo "2296"]
[WhiteTeam "England"]
[BlackTeam "Germany"]
[WhiteFideId "1119907"]
[BlackFideId "24670057"]
[EventDate "2024.09.11"]

1. e4 e5 2. Nf3 Nc6 3. d4 exd4 4. Nxd4 Bc5 5. Nb3 Bb6 6. Nc3 Qf6 7. Qe2 Nge7 8.
h4 d6 9. Bg5 Qe6 10. O-O-O h6 11. Be3 Bd7 12. Kb1 O-O-O 13. Bxb6 axb6 14. Qd2 f5
15. exf5 Qxf5 16. Bb5 Rhf8 17. f3 Kb8 18. a4 Qg6 19. Qf2 Bf5 20. Nd4 Qf7 21.
Nxf5 Nxf5 22. Rhe1 Rde8 23. Nd5 Rxe1 24. Qxe1 Ncd4 25. Bc4 Qd7 26. Qf2 Nc6 27.
g3 Nfe7 28. Nxe7 Nxe7 29. Bb5 Qf5 30. Re1 Nd5 31. Qd4 Nf6 32. f4 Qg6 33. Re3 Qf7
34. Ra3 Qe6 35. Re3 Qf7 36. Ra3 Qe6 37. a5 bxa5 38. Qc3 b6 39. Bc6 d5 0-1

[Event "Olimpiade 2024 - Donne"]
[Site "Budapest"]
[Date "20.09.2024"]
[Round "9.8"]
[Board "1"]
[White "Roebers, Eline"]
[Black "Khademalsharieh, Sarasadat"]
[Result "0-1"]
[WhiteTitle "IM"]
[BlackTitle "IM"]
[WhiteElo "2340"]
[BlackElo "2468"]
[WhiteTeam "Netherlands"]
[BlackTeam "Spain"]
[WhiteFideId "1058401"]
[BlackFideId "12512214"]
[EventDate "2024.09.11"]

1. e4 e5 2. Nf3 Nc6 3. Bb5 a6 4. Ba4 Nf6 5. O-O Be7 6. Re1 b5 7. Bb3 d6 8. c3
O-O 9. h3 Bb7 10. d4 Re8 11. Ng5 Rf8 12. Nf3 Re8 13. d5 Nb8 14. c4 Nbd7 15. Nbd2
Bf8 16. a4 Qb8 17. Ba2 Nc5 18. Qc2 bxa4 19. Rb1 Qd8 20. b4 axb3 21. Nxb3 Nxb3
22. Rxb3 Bc8 23. Be3 Bd7 24. Ra3 c6 25. c5 cxd5 26. exd5 e4 27. Nd2 dxc5 28. Bg5
Bf5 29. Nc4 h6 30. Bh4 g5 31. Bg3 Nxd5 32. Rd1 Nb4 33. Qe2 Qf6 34. Nd6 Bxd6 35.
Rxd6 Qg7 36. Bc4 Rad8 37. Bxa6 Rxd6 38. Bxd6 Qd4 39. Bg3 Ra8 0-1

[Event "Olimpiade 2024 - Donne"]
[Site "Budapest"]
[Date "20.09.2024"]
[Round "9.8"]
[Board "2"]
[White "Garcia Martin, Marta"]
[Black "Peng, Zhaoqin"]
[Result "1/2-1/2"]
[WhiteTitle "IM"]
[BlackTitle "GM"]
[WhiteElo "2318"]
[BlackElo "2349"]
[WhiteTeam "Spain"]
[BlackTeam "Netherlands"]
[WhiteFideId "32084030"]
[BlackFideId "1004786"]
[EventDate "2024.09.11"]

1. e4 e6 2. d4 d5 3. Nc3 Nf6 4. e5 Nfd7 5. Nce2 c5 6. c3 Nc6 7. f4 a5 8. Nf3 b6
9. g3 Be7 10. Bh3 g6 11. O-O Ba6 12. Be3 h5 13. Rf2 Qc7 14. Ng5 Bxg5 15. fxg5
Bxe2 16. Qxe2 c4 17. Raf1 Rh7 18. b3 Ne7 19. Bd2 a4 20. bxc4 Qxc4 21. Qxc4 dxc4
22. Rb1 Ra5 23. Bf1 b5 24. a3 Nb6 25. Be1 Ned5 26. Rfb2 Nc7 27. h4 Kd7 28. Be2
Rh8 29. Bd2 Nbd5 30. Kg2 Ne7 31. Bf3 Ned5 32. Be2 Ne7 33. Bf3 Ned5 1/2-1/2

[Event "Olimpiade 2024 - Donne"]
[Site "Budapest"]
[Date "20.09.2024"]
[Round "9.8"]
[Board "3"]
[White "Van Foreest, Machteld"]
[Black "Vega Gutierrez, Sabrina"]
[Result "0-1"]
[WhiteTitle "FM"]
[BlackTitle "IM"]
[WhiteElo "2224"]
[BlackElo "2374"]
[WhiteTeam "Netherlands"]
[BlackTeam "Spain"]
[WhiteFideId "1051563"]
[BlackFideId "2219026"]
[EventDate "2024.09.11"]

1. e4 c5 2. Nf3 g6 3. d4 cxd4 4. Nxd4 Nc6 5. c4 Nf6 6. Nc3 d6 7. Be2 Nxd4 8.
Qxd4 Bg7 9. Be3 O-O 10. Qd1 Bd7 11. O-O Bc6 12. f3 a5 13. Qc2 a4 14. b4 axb3 15.
axb3 Qc7 16. b4 Bd7 17. Rfd1 b6 18. Bf1 Qb7 19. b5 Be6 20. Rxa8 Rxa8 21. Nd5
Bxd5 22. cxd5 Rc8 23. Qa2 Nd7 24. Rd3 Bc3 25. Qa3 Ba5 26. Bd4 Rc2 27. Rd1 Qc8
28. Qe3 Bb4 29. Bd3 Rc7 30. Qh6 f6 31. Ba1 Bc3 32. Qe3 Bxa1 33. Rxa1 Rc3 34. Qd4
Rc1+ 35. Kf2 Rxa1 36. Qxa1 Ne5 37. Be2 Qc5+ 38. Kf1 Nc4 39. Qa8+ Kf7 40. Bxc4
Qxc4+ 41. Kf2 Qxb5 42. Qh8 Qb2+ 43. Kf1 Qc1+ 44. Ke2 Qc2+ 45. Ke3 Qc1+ 46. Ke2
Qh6 47. h3 b5 48. Qb8 Qg5 49. g4 Qh4 50. Qxb5 Qxh3 51. Qd7 Qh2+ 52. Ke3 Qe5 53.
Qc8 f5 54. gxf5 gxf5 55. Kd3 h5 56. exf5 Qxd5+ 57. Ke2 Qe5+ 58. Kf1 d5 59. Kg2
h4 60. f4 Qe4+ 61. Kh3 Qxf4 62. Qe6+ Kf8 63. Qc8+ Kg7 64. f6+ Qxf6 65. Qg4+ Kf8
66. Qd7 Kf7 67. Qd8 Qg5 68. Kh2 Qe5+ 69. Kh1 h3 0-1

[Event "Olimpiade 2024 - Donne"]
[Site "Budapest"]
[Date "20.09.2024"]
[Round "9.8"]
[Board "4"]
[White "Matnadze Bujiashvili, Ann"]
[Black "Kazarian, Anna-Maja"]
[Result "1-0"]
[WhiteTitle "IM"]
[BlackTitle "FM"]
[WhiteElo "2338"]
[BlackElo "2180"]
[WhiteTeam "Spain"]
[BlackTeam "Netherlands"]
[WhiteFideId "13601377"]
[BlackFideId "1033689"]
[EventDate "2024.09.11"]

1. b3 d5 2. Bb2 Nf6 3. e3 c5 4. Nf3 Bf5 5. Bb5+ Nbd7 6. O-O a6 7. Bxd7+ Qxd7 8.
Ne5 Qc8 9. d3 Nd7 10. Nd2 Nxe5 11. Bxe5 f6 12. Bg3 h5 13. h4 e5 14. e4 Bg4 15.
f3 Be6 16. exd5 Bxd5 17. Re1 Be7 18. Qe2 Qd7 19. Nc4 Bxc4 20. bxc4 b5 21. Bf2
Kf7 22. Qe4 g6 23. Rad1 Rhe8 24. g4 hxg4 25. fxg4 Rac8 26. g5 fxg5 27. Re3 g4
28. h5 Rg8 29. Rf1 Ke8 30. Qxe5 Kd8 31. h6 Rf8 32. h7 Qe8 33. Rfe1 Rc7 34. Qxc7+
Kxc7 35. Rxe7+ 1-0

[Event "Olimpiade 2024 - Donne"]
[Site "Budapest"]
[Date "20.09.2024"]
[Round "9.9"]
[Board "1"]
[White "Stefanova, Antoaneta"]
[Black "Pham, Le Thao Nguyen"]
[Result "0-1"]
[WhiteTitle "GM"]
[BlackTitle "IM"]
[WhiteElo "2416"]
[BlackElo "2380"]
[WhiteTeam "Bulgaria"]
[BlackTeam "Vietnam"]
[WhiteFideId "2902257"]
[BlackFideId "12401226"]
[EventDate "2024.09.11"]

1. d4 d5 2. c4 c6 3. Nf3 Nf6 4. Qb3 g6 5. Nc3 Bg7 6. cxd5 Nxd5 7. e4 Nb6 8. Be3
O-O 9. Rd1 Be6 10. d5 cxd5 11. exd5 Bg4 12. Be2 N8d7 13. h3 Bxf3 14. Bxf3 Ne5
15. Be2 Rc8 16. Bd4 Nec4 17. h4 Nd6 18. h5 Qd7 19. Bxg7 Kxg7 20. Rd4 Qf5 21.
Rdh4 h6 22. hxg6 fxg6 23. f4 h5 24. Qd1 Rh8 25. O-O Qf6 26. Rh3 Nbc4 27. Bxc4
Rxc4 28. Qe2 Rf8 29. Re3 Rc7 30. Ne4 Nxe4 31. Rxe4 Rd7 32. Re6 Qd4+ 33. Kh1 Qxd5
34. Rxe7+ Rxe7 35. Qxe7+ Rf7 36. Qa3 Qc4 37. Qc3+ Qxc3 38. bxc3 Rc7 39. Rf3 Kf6
40. Kh2 Kf5 41. Kg3 Rc4 42. Rd3 Ke4 43. Rf3 Rc5 44. c4 Ra5 45. Kh4 Rxa2 46. Rg3
Kf5 47. Rg5+ Kf6 48. g4 hxg4 49. Rb5 b6 50. c5 Ra5 51. Rb1 Rxc5 52. Kxg4 g5 53.
Ra1 Ra5 54. fxg5+ Kg6 55. Rd1 Ra4+ 56. Kf3 Kxg5 57. Rd7 Kf5 58. Ke3 Ke6 59. Rd8
Rc4 60. Kd3 Rc7 0-1

[Event "Olimpiade 2024 - Donne"]
[Site "Budapest"]
[Date "20.09.2024"]
[Round "9.9"]
[Board "2"]
[White "Vo, Thi Kim Phung"]
[Black "Salimova, Nurgyul"]
[Result "1/2-1/2"]
[WhiteTitle "WGM"]
[BlackTitle "IM"]
[WhiteElo "2320"]
[BlackElo "2412"]
[WhiteTeam "Vietnam"]
[BlackTeam "Bulgaria"]
[WhiteFideId "12401838"]
[BlackFideId "2915138"]
[EventDate "2024.09.11"]

1. e4 d6 2. d4 Nf6 3. Nc3 e5 4. Nf3 Nbd7 5. Bc4 Be7 6. O-O O-O 7. a4 c6 8. h3 a5
9. Re1 exd4 10. Qxd4 Nc5 11. Bf4 Ne6 12. Bxe6 Bxe6 13. e5 dxe5 14. Bxe5 Qxd4 15.
Nxd4 Bd7 16. Ne4 Nxe4 17. Rxe4 Rfe8 18. Rae1 Bf8 19. c4 Rec8 20. g4 Ra6 21. b3
Re8 22. Bc7 Rxe4 23. Rxe4 Ra8 24. Bb6 g6 25. Nf3 f6 26. Rd4 Be8 27. Rd8 Rxd8 28.
Bxd8 Bb4 29. Bxf6 b5 30. axb5 cxb5 31. cxb5 Bxb5 32. Nd4 Be8 33. Bd8 Bf7 34. Nc6
Bd5 35. Bxa5 Bxc6 36. Bxb4 Bd5 37. Bd2 Bxb3 38. Bh6 Kf7 39. Kg2 Bd5+ 40. Kg3 Bc6
41. Kh4 Bg2 42. Kg3 Bc6 43. Kf4 Bb7 44. Kg5 Bg2 45. h4 Bf3 46. h5 Be2 47. Kh4
Bf3 48. Bd2 Be2 49. Kg5 Bf3 50. Bc3 Be2 51. f4 Bd1 52. f5 gxf5 53. Kxf5 Bc2+ 54.
Kg5 1/2-1/2

[Event "Olimpiade 2024 - Donne"]
[Site "Budapest"]
[Date "20.09.2024"]
[Round "9.9"]
[Board "3"]
[White "Radeva, Viktoria"]
[Black "Luong Phuong Hanh"]
[Result "1-0"]
[WhiteTitle "WGM"]
[BlackTitle "WIM"]
[WhiteElo "2297"]
[BlackElo "2225"]
[WhiteTeam "Bulgaria"]
[BlackTeam "Vietnam"]
[WhiteFideId "2915405"]
[BlackFideId "12401013"]
[EventDate "2024.09.11"]

1. e4 c5 2. Nf3 e6 3. c3 Nf6 4. Bd3 Nc6 5. Bc2 Qc7 6. O-O d5 7. exd5 Nxd5 8. d4
cxd4 9. Nxd4 Nxd4 10. Qxd4 Bd7 11. Re1 Bc6 12. Nd2 Bd6 13. Nf3 Nf6 14. Ne5 O-O-O
15. Bf4 Ng4 16. Nxc6 Bxf4 17. Nxd8 Rxd8 18. Qxa7 Bxh2+ 19. Kf1 Qc4+ 20. Re2 Rd2
21. Bd1 Bc7 22. Ke1 Rxb2 23. Qa8+ Bb8 24. Rxb2 Qxc3+ 25. Rd2 Qe5+ 26. Re2 Qh2
27. Rc1+ Kd8 28. Rd2+ Ke8 29. Bxg4 1-0

[Event "Olimpiade 2024 - Donne"]
[Site "Budapest"]
[Date "20.09.2024"]
[Round "9.9"]
[Board "4"]
[White "Bach Ngoc Thuy Duong"]
[Black "Krasteva, Beloslava"]
[Result "1-0"]
[WhiteTitle "WIM"]
[BlackTitle "FM"]
[WhiteElo "2214"]
[BlackElo "2295"]
[WhiteTeam "Vietnam"]
[BlackTeam "Bulgaria"]
[WhiteFideId "12408956"]
[BlackFideId "2922029"]
[EventDate "2024.09.11"]

1. d4 Nf6 2. c4 e6 3. Nc3 Bb4 4. Nf3 Bxc3+ 5. bxc3 d6 6. Qc2 Nbd7 7. e4 e5 8.
Bd3 b6 9. O-O Bb7 10. Bd2 O-O 11. Rae1 Re8 12. Nh4 Nf8 13. Nf5 Ng6 14. f4 exf4
15. Bxf4 Nxf4 16. Rxf4 Nh5 17. Rff1 Bc8 18. Qf2 Be6 19. Qf3 Nf6 20. Ne3 Nd7 21.
e5 dxe5 22. Be4 f6 23. Bxa8 Qxa8 24. d5 Bf7 25. Qg4 Qd8 26. Nf5 Bg6 27. h4 Bxf5
28. Rxf5 Qe7 29. h5 h6 30. Re3 e4 31. Rf4 Nc5 32. Qg6 Kh8 33. Rg4 Rf8 34. Rgxe4
Nxe4 35. Rxe4 Qc5+ 36. Kh2 Qd6+ 37. Kh3 Qa3 38. Qg3 Qc5 39. Qe3 Qxe3+ 40. Rxe3
Kg8 41. Re6 Rf7 42. Kg4 Rd7 43. Kf5 Kf7 44. Rc6 Re7 45. g4 Re5+ 46. Kf4 Re7 47.
c5 g6 48. hxg6+ Kxg6 49. c4 Kf7 50. a4 Kg6 51. a5 bxc5 52. Rxc5 Kf7 53. Rc6 Ke8
54. Rxf6 Rh7 55. Kf5 Kd7 56. Kg6 Rh8 57. Kh5 Re8 58. Rxh6 Re4 59. Rc6 1-0